| 000 | 01517cam a2200421 a 4500 | ||
|---|---|---|---|
| 001 | 15032556 | ||
| 005 | 20201128020718.0 | ||
| 008 | 071003s2008 caua b 001 0 eng d | ||
| 010 | _a2007938693 | ||
| 015 |
_aGBA7A0009 _2bnb |
||
| 016 | 7 |
_a014464628 _2Uk |
|
| 020 | _a1847871763 (hbk.) | ||
| 020 | _a9781847871763 (hbk.) | ||
| 020 | _a1847871771 (pbk.) | ||
| 020 | _a9781847871770 (pbk.) | ||
| 035 | _a(OCoLC)ocn183149164 | ||
| 040 |
_aUKM _cUKM _dBTCTA _dBAKER _dYDXCP _dBWKUK _dBWK _dDLC |
||
| 042 | _alccopycat | ||
| 050 | 0 | 0 |
_aHD30.4 _b.E265 2008 |
| 082 | 0 | 4 |
_a650.072 _222 _bEAS |
| 100 |
_92909 _aEasterby-Smith, Mark |
||
| 245 | 0 | 0 |
_aManagement Research / _cMark Easterby-Smith, Richard Thorpe, Paul R. Jackson. |
| 250 | _a3rd ed. | ||
| 260 |
_aLos Angeles ; _aLondon : _bSAGE, _cc2008. |
||
| 300 |
_axvi, 351 p. : _bill. ; _c24 cm. |
||
| 500 | _aIncludes Internet access. | ||
| 500 | _aPrevious ed.: published as by Mark Easterby-Smith, Richard Thorpe, Andy Lowe. 2001. | ||
| 504 | _aIncludes bibliographical references (p. 335-345) and index. | ||
| 650 | 0 |
_aManagement _xResearch. _92910 |
|
| 650 | 0 |
_aOperations research. _92911 |
|
| 650 | 0 |
_aOrganizational behavior. _92912 |
|
| 700 | 1 |
_aEasterby-Smith, Mark. _92913 |
|
| 700 | 1 |
_aThorpe, Richard, _d1951- _92914 |
|
| 700 | 1 |
_aJackson, Paul _q(Paul R.) _92915 |
|
| 700 | 1 |
_aEasterby-Smith, Mark. _tManagement research. _92916 |
|
| 942 |
_2ddc _cBB |
||
| 999 |
_c11137 _d11137 |
||